000 00587nam a2200229Ia 4500
003 OSt
005 20221005130658.0
006 a|||||r|||| 00| 0
007 ta
008 221004b |||||||| |||| 00| 0 mal d
024 _a56864
037 _cTextual
040 _aCRL
_cCRL
_bmal
041 _2mal
_amal
082 _aO32,3NAM,1, K1
100 _aAbraham Au.
_9638472
245 0 _aSahitya Karante sahadharmini
260 _c1961
650 _aMALAYALAM LITERATURE
_938866
942 _hO32,3NAM,1, K1
_cTEXL
_2cc
999 _c1058011
_d1058011